=LDR 00000nam 2200000 4500 =001 INLIS000000000019114 =005 20130612114221 =008 ***********************************Ind** =035 ##$$0010-061300000019114 =041 ##$$a Ind =082 ##$$a 828.838 74 =090 ##$$a 828.838 74, Gre l =100 ##$$a Greek, Nathan =245 ##$$a Lawman for hore, Nathan Crek =260 ##$$a 1960 $b London =300 ##$$a 157 hlm, 32 cm =650 ##$$a Ksusastraan Inggris =850 ##$$a NBPNMAT